Memoria / (Record no. 121911)
[ view plain ]
| 000 -LEADER | |
|---|---|
| campo de control de longitud fija | 01914 a2200289 4500 |
| 003 - IDENTIFICADOR DE NÚMERO DE CONTROL | |
| campo de control | BJBSDDR |
| 005 - FECHA Y HORA DE LA ÚLTIMA TRANSACCIÓN | |
| campo de control | 20240905123113.0 |
| 007 - CAMPO FIJO DE DESCRIPCIÓN FÍSICA--INFORMACIÓN GENERAL | |
| campo de control de longitud fija | ta |
| 008 - DATOS DE LONGITUD FIJA--INFORMACIÓN GENERAL | |
| campo de control de longitud fija | 240813s2020 sp 00| 0 spa d |
| 020 ## - NÚMERO INTERNACIONAL ESTÁNDAR DEL LIBRO | |
| Número Internacional Estándar del Libro | 9788417318956 (harcover) |
| 020 ## - NÚMERO INTERNACIONAL ESTÁNDAR DEL LIBRO | |
| Número Internacional Estándar del Libro | 841731895X (harcover) |
| 040 ## - FUENTE DE CATALOGACIÓN | |
| Lengua de catalogación | spa |
| Centro/agencia transcriptor | BJBSDDR |
| 041 ## - CÓDIGO DE IDIOMA | |
| Código de lengua del texto/banda sonora o título independiente | spa |
| 050 14 - SIGNATURA TOPOGRÁFICA DE LA BIBLIOTECA DEL CONGRESO | |
| Número de clasificación | PN 6728 |
| Número de ítem | E34m 2020 |
| 100 1# - ENTRADA PRINCIPAL--NOMBRE DE PERSONA | |
| Nombre de persona | Eid, Jean Paul, |
| Fechas asociadas al nombre | 1964- |
| 9 (RLIN) | 37933 |
| 245 10 - MENCIÓN DEL TÍTULO | |
| Título | Memoria / |
| Mención de responsabilidad, etc. | Jean-Paul Eid, Claude Paiement. |
| 260 ## - PUBLICACIÓN, DISTRIBUCIÓN, ETC. | |
| Lugar de publicación, distribución, etc. | Madrid : |
| Nombre del editor, distribuidor, etc. | Proyectos y Producciones Editoriales CYAN S.A., |
| Fecha de publicación, distribución, etc. | 2020. |
| 300 ## - DESCRIPCIÓN FÍSICA | |
| Extensión | 127 páginas : |
| Otras características físicas | ilustraciones (blanco y negro y color) ; |
| Dimensiones | 30 cm. |
| 500 ## - NOTA GENERAL | |
| Nota general | En la portada: Ponent Mon ; Catarata |
| 520 ## - RESUMEN, ETC. | |
| Sumario, etc. | ¿Somos dueños de nuestra vida o solo el juguete de otras fuerzas? Un relato distópico sobre Memoria, un destino virtual para desatar nuestros impulsos más primarios. Benjamin Blake es un taxista que conoce muy bien la ciudad de Memoria. Un día, recoge a alguien que olvida en el asiento trasero del coche un maletín que cambiará su vida al entender que él y todos los ciudadanos de Memoria son extras en un mundo virtual. Esta ciudad que no existe, una Nueva York en la década de 1930, es ofrecida como destino por la compañía Brainstorm, un lugar que permite a los turistas satisfacer sus deseos más vergonzosos con la mayor impunidad. Pero detrás del escenario está la sombra de un monstruo digital. La reedición de Memoria, que cobra nueva vida veinte años después en un solo álbum, fue publicada originalmente en 1999 y nos presenta un tema que ha resistido la prueba del tiempo y fue publicado el mismo año del estreno de Matrix como Le naufragé de Memoria. |
| 650 #4 - PUNTO DE ACCESO ADICIONAL DE MATERIA--TÉRMINO DE MATERIA | |
| Término de materia o nombre geográfico como elemento de entrada | Ciencia ficción |
| Subdivisión general | Tiras cómicas, historietas, etc |
| 9 (RLIN) | 38308 |
| 650 #4 - PUNTO DE ACCESO ADICIONAL DE MATERIA--TÉRMINO DE MATERIA | |
| Término de materia o nombre geográfico como elemento de entrada | Tiras cómicas, historietas, etc. |
| 9 (RLIN) | 15076 |
| 650 #4 - PUNTO DE ACCESO ADICIONAL DE MATERIA--TÉRMINO DE MATERIA | |
| Término de materia o nombre geográfico como elemento de entrada | Distopías |
| 9 (RLIN) | 34293 |
| 700 1# - ENTRADA AGREGADA--NOMBRE PERSONAL | |
| Nombre de persona | Paiement, Claude |
| 9 (RLIN) | 37934 |
| 942 ## - ELEMENTOS DE ENTRADA SECUNDARIOS (KOHA) | |
| Fuente del sistema de clasificación o colocación | Clasificación de Library of Congress |
| Tipo de ítem Koha | Libro |
| 946 ## - PROCESAMIENTO DE INFORMACIÓN LOCAL (OCLC) | |
| Iniciales del agente catalogador | rmza |
| Estatus retirado | Estado de pérdida | Fuente del sistema de clasificación o colocación | Estado de daño | No para préstamo | Colección | Biblioteca de origen | Biblioteca actual | Ubicación en estantería | Fecha de adquisición | Signatura topográfica completa | Código de barras | Visto por última vez | Copia número | Tipo de ítem Koha |
|---|---|---|---|---|---|---|---|---|---|---|---|---|---|---|
| Clasificación de Library of Congress | Humanidades | Biblioteca Juan Bosch | Biblioteca Juan Bosch | Humanidades (4to. Piso) | 13/08/2024 | PN 6728 E34m 2020 | 00000179395 | 13/08/2024 | 1 | Libro |
